000 00819aaa a2200241 4500
001 14564
003 HDC
007 cr bn ---aaaaa
008 210215p1998 o 0o0 0 m eng
040 _aHDC
245 4 _aThe Welfare of Livestock (Amendment) Regulations 1998: Statutory Instrument 1998 No. 1709
260 _a[no place] :
_b[publisher not identified] ,
_c1998
300 _a8 pages
336 _atext
_2rdacontent
337 _acomputer
_2rdamedia
338 _aonline resource
_2rdacarrier
650 _aRegulation
_94243
650 _aWelfare of Livestock
_914866
856 _zRequest full-text at [email protected]
942 _2lcc
942 _cEBOOK
942 _kEBOK 000983
999 _c11880
_d11880